| 000 | 00546nam a2200193Ia 4500 | ||
|---|---|---|---|
| 003 | OSt | ||
| 005 | 20221007083109.0 | ||
| 006 | a|||||r|||| 00| 0 | ||
| 007 | ta | ||
| 008 | 221006b |||||||| |||| 00| 0 eng d | ||
| 024 | _a22,799 | ||
| 037 | _cDissertations | ||
| 040 |
_aFLL _cFLL _beng |
||
| 041 |
_2eng _aeng |
||
| 100 |
_aRohatgi N. K. _9566556 |
||
| 245 | 0 | _aCase for the heritability of statutory tenance in law of evictions (with special reference to Delhi) | |
| 942 |
_cDIS _2CC |
||
| 999 |
_c1168798 _d1168798 |
||